000 00364 a2200169 4500
001 189816
020 _a978-85-260-1704-7
040 _cMagnum
100 _aFrança, Mary
240 1 0 _aA história dos pingos
_lpor
245 1 0 _aA história dos pingos
300 _a24
362 0 _a2012
440 1 _aGlobal
697 _aLITERATURA INFANTIL
942 _cBK
999 _c189816
_d189816